000 00499nam a2200181Ia 4500
005 20250508161654.0
008 008 250505s9999 xx 000 0 eng d
037 _aBooks to be hide in OPAC
040 _aFEDL
_beng
_cFEDL
041 _aeng
_2eng
084 _a371, NCE/O
_qFEDL
245 0 _aTeacher speaks Vol. 8
245 0 _cNational Council of Educational Research and Training
260 _c1973
300 _a130p.
942 _cHB
_h371, NCE/O
999 _c1371468
_d1371468